<?xml version="1.0" encoding="UTF-8"?>
<record
    xmlns:xsi="http://www.w3.org/2001/XMLSchema-instance"
    xsi:schemaLocation="http://www.loc.gov/MARC21/slim http://www.loc.gov/standards/marcxml/schema/MARC21slim.xsd"
    xmlns="http://www.loc.gov/MARC21/slim">

  <leader>02291nam a2200397 u 4500</leader>
  <controlfield tag="001">000047789</controlfield>
  <controlfield tag="005">20200120222519.0</controlfield>
  <controlfield tag="008">120320s2006    cau     r     000 0 spa d</controlfield>
  <datafield tag="020" ind1=" " ind2=" ">
    <subfield code="a">8496509435</subfield>
  </datafield>
  <datafield tag="041" ind1="0" ind2=" ">
    <subfield code="a">spa</subfield>
  </datafield>
  <datafield tag="043" ind1=" " ind2=" ">
    <subfield code="a">e-sp---</subfield>
  </datafield>
  <datafield tag="082" ind1="0" ind2="4">
    <subfield code="2">21</subfield>
  </datafield>
  <datafield tag="090" ind1=" " ind2=" ">
    <subfield code="a">JC</subfield>
    <subfield code="b">STERis</subfield>
  </datafield>
  <datafield tag="100" ind1="1" ind2=" ">
    <subfield code="a">Stevenson, Robert Louis</subfield>
    <subfield code="d">1850-1894</subfield>
  </datafield>
  <datafield tag="245" ind1="1" ind2="3">
    <subfield code="a">La isla de las voces /</subfield>
    <subfield code="c">Roberto Louis Stevenson ; ilustraciones : Alfredo Benav&#xED;dez Bedoya ; traducci&#xF3;n : Marcial Souto ; edici&#xF3;n :Marta Ponzoda &#xC1;lvarez ; direcci&#xF3;n editorial : Fernando Diego Garc&#xED;a ; direcci&#xF3;n de arte : Sebasti&#xE1;n Garc&#xED;a Schnetzer ; colaboraci&#xF3;n : Santiago Coce.</subfield>
  </datafield>
  <datafield tag="250" ind1=" " ind2=" ">
    <subfield code="a">1a. ed.</subfield>
  </datafield>
  <datafield tag="260" ind1=" " ind2=" ">
    <subfield code="a">Barcelona :</subfield>
    <subfield code="b">Libros del Zorro Rojo,</subfield>
    <subfield code="c">2006.</subfield>
  </datafield>
  <datafield tag="300" ind1=" " ind2=" ">
    <subfield code="a">32 p. :</subfield>
    <subfield code="b">il.</subfield>
  </datafield>
  <datafield tag="490" ind1=" " ind2="0">
    <subfield code="a">Biblioteca del faro</subfield>
    <subfield code="v">3</subfield>
  </datafield>
  <datafield tag="500" ind1=" " ind2=" ">
    <subfield code="a">T&#xED;tulo original : The isle of voices</subfield>
  </datafield>
  <datafield tag="520" ind1="3" ind2=" ">
    <subfield code="a">"hab&#xED;a o&#xED;do hablar de los can&#xED;bales en las islas del sur y siempre le hab&#xED;an dado miedo, y ahora los ten&#xED;a golpeando en la puerta. Tambi&#xE9;n hab&#xED;a o&#xED;do a viajeros hablar de sus costumbres: cuando deciden comerse a un hombre, lo acarician y lo cuidan como una madre al beb&#xE9; preferido." Desde una remota aldea de Haw&#xE1;i, el joven Keola y el sabio Kalamake emprenden una fabulosa odisea en b&#xFA;sca de las riquezas ocultas en la Isla de las Voces, un misterioso territorio habitado por antrop&#xF3;fagos, al que s&#xF3;lo es posible arribar mediante rituales secretos de hechicer&#xED;a. Memorables aventuras llevar&#xE1;n a los protagonistas a enfrentar siniestros pelibros de los que ninguno saldr&#xE1; indemne. Uno de los &#xFA;ltimos y m&#xE1;s admirados relatos de Robert Louis Stevenson. Un cl&#xE1;sico inolvidable de su magistral literatura.</subfield>
  </datafield>
  <datafield tag="650" ind1="1" ind2="7">
    <subfield code="a">Cuento juvenil</subfield>
  </datafield>
  <datafield tag="650" ind1="2" ind2="7">
    <subfield code="a">Cuento juvenil escoc&#xE9;s</subfield>
  </datafield>
  <datafield tag="650" ind1="2" ind2="7">
    <subfield code="a">Literatura juvenil escocesa</subfield>
  </datafield>
  <datafield tag="650" ind1="2" ind2="7">
    <subfield code="a">Aventuras en la literatura</subfield>
  </datafield>
  <datafield tag="650" ind1="2" ind2="7">
    <subfield code="a">Tribus en la literatura</subfield>
  </datafield>
  <datafield tag="650" ind1="2" ind2="7">
    <subfield code="a">Antropofagia en la literatura</subfield>
  </datafield>
  <datafield tag="650" ind1="2" ind2="7">
    <subfield code="a">Magia en la literatura</subfield>
  </datafield>
  <datafield tag="700" ind1=" " ind2=" ">
    <subfield code="a">Incluye biograf&#xED;a del autor y del ilustrador.</subfield>
  </datafield>
  <datafield tag="700" ind1="1" ind2=" ">
    <subfield code="a">Benav&#xED;dez Bedoya, Alfredo,</subfield>
    <subfield code="e">il.</subfield>
  </datafield>
  <datafield tag="700" ind1="1" ind2=" ">
    <subfield code="a">Souto, Marcial,</subfield>
    <subfield code="e">tr.</subfield>
  </datafield>
  <datafield tag="700" ind1="1" ind2=" ">
    <subfield code="a">Ponzoda &#xC1;lvarez, Marta,</subfield>
    <subfield code="e">ed.</subfield>
  </datafield>
  <datafield tag="700" ind1="1" ind2=" ">
    <subfield code="a">Garc&#xED;a, Fernando Diego,</subfield>
    <subfield code="e">dir.</subfield>
  </datafield>
  <datafield tag="700" ind1="1" ind2=" ">
    <subfield code="a">Garc&#xED;a Schnetzer, Sebasti&#xE1;n,</subfield>
    <subfield code="e">dir.</subfield>
  </datafield>
  <datafield tag="700" ind1="1" ind2=" ">
    <subfield code="a">Coce, Santiago,</subfield>
    <subfield code="e">colab.</subfield>
  </datafield>
  <datafield tag="999" ind1=" " ind2=" ">
    <subfield code="c">3001</subfield>
    <subfield code="d">3001</subfield>
  </datafield>
  <datafield tag="952" ind1=" " ind2=" ">
    <subfield code="0">0</subfield>
    <subfield code="1">0</subfield>
    <subfield code="2">ddc</subfield>
    <subfield code="4">0</subfield>
    <subfield code="7">0</subfield>
    <subfield code="8">LJ</subfield>
    <subfield code="a">BPMOS</subfield>
    <subfield code="b">BPMOS</subfield>
    <subfield code="d">2020-01-20</subfield>
    <subfield code="i">103419</subfield>
    <subfield code="l">1</subfield>
    <subfield code="o">JC STERis</subfield>
    <subfield code="p">MOS006669</subfield>
    <subfield code="r">2024-11-06</subfield>
    <subfield code="s">2024-10-17</subfield>
    <subfield code="t">ej.1</subfield>
    <subfield code="w">2020-01-20</subfield>
    <subfield code="y">BKLIT</subfield>
    <subfield code="z">Quince d&#xED;as</subfield>
  </datafield>
  <datafield tag="952" ind1=" " ind2=" ">
    <subfield code="0">0</subfield>
    <subfield code="1">0</subfield>
    <subfield code="2">ddc</subfield>
    <subfield code="4">0</subfield>
    <subfield code="7">0</subfield>
    <subfield code="8">LJ</subfield>
    <subfield code="a">BPMOS</subfield>
    <subfield code="b">BPMOS</subfield>
    <subfield code="d">2020-01-20</subfield>
    <subfield code="i">103420</subfield>
    <subfield code="l">0</subfield>
    <subfield code="o">JC STERis</subfield>
    <subfield code="p">MOS006670</subfield>
    <subfield code="r">2020-09-30</subfield>
    <subfield code="t">ej.2</subfield>
    <subfield code="w">2020-01-20</subfield>
    <subfield code="y">BKLIT</subfield>
    <subfield code="z">Quince d&#xED;as</subfield>
  </datafield>
</record>
